| 000 | 00356nam a2200145Ia 4500 | ||
|---|---|---|---|
| 008 | 230917s9999||||xx |||||||||||||| ||und|| | ||
| 040 |
_e100641 _aMAIN |
||
| 041 | _aEnglish | ||
| 082 | _a954.5 M278M | ||
| 100 | _aNihal Singh | ||
| 245 | 0 | _aMaharaja Ranjeet Singh | |
| 260 |
_aNew Delhi _bNirmal Publisher _c1986 |
||
| 300 | _axii, 267p p. | ||
| 942 | _cBK | ||
| 999 |
_c122000 _d122000 |
||